| 000 | | | 05111nac2a22003373x 450 |
| 001 | | | a71a3764-626a-4385-921b-a35d5549dc10 |
| 005 | | | 20240723130446.0 |
| 100 | ## | $a | 20240716l18891889k y0rusy50 ca |
| 101 | 0# | $a | rus |
| 102 | ## | $a | RU |
| 105 | ## | $a | y z ||||| |
| 122 | 2# | $a | d18890320 |
| | $a | d18890331 |
| 200 | 1# | $a | Лорис-Меликова Захария Михайловича к матери - Лорис-Меликовой Нине Ивановне |
| | $j | 20.-31.03.1889 |
| 215 | ## | $a | 6 листов |
| | $d | 36,3 х 24,4 |
| 251 | ## | $c | Дело |
| 300 | ## | $a | Заголовок дела на папке: Письма Захария Михайловича Лорис-Меликова к матери Нине Ивановне Л.-Меликовой |
| 300 | ## | $a | Рукописный текст |
| 330 | ## | $a | Входит в раздел описи: Письма к жене и детям М. Т. Лорис-Меликова |
| 461 | #0 | $1 | 001cda3d175-ae4a-411a-8dea-9cc20fb178f6 |
| | $1 | 2001 |
| | $a | Лорис-Меликов Михаил Тариелович, граф, министр внутренних дел, главный начальник "верховной распорядительной комиссии по охранению государственного порядка и общественного спокойствия", генерал от кавалерии |
| | $1 | 251 |
| | $c | Фонд |
| | $1 | 852 |
| | $j | 569 |
| 462 | #0 | $1 | 001163e060a-d7cc-404d-90ee-e28c9801971b |
| | $1 | 2001 |
| | $a | Опись дел фонда М. Т. Лорис-Меликова за 1858-1915 гг. |
| | $v | Д. 266 |
| | $1 | 251 |
| | $c | Опись |
| | $1 | 852 |
| | $j | 1 |
| 517 | 1# | $a | Письма Захария Михайловича Л.-Меликова к матери Нине Ивановне Лорис-Меликовой |
| 600 | #1 | $a | Лорис-Меликов |
| | $b | З. М. |
| | $g | Захарий Михайлович |
| 605 | ## | $3 | DITM\AF\0000002775 |
| | $a | Власть |
| | $l | коллекция |
| | $2 | acquisition_prlib |
| 610 | 1# | $a | Письма |
| 686 | ## | $a | 63.3(2)535-332ю1 |
| | $c | История |
| | $2 | rubbk |
| 686 | ## | $a | 67.400.6ю1 |
| | $c | Право |
| | $2 | rubbk |
| 700 | #1 | $a | Лорис-Меликов |
| | $b | З. М. |
| | $g | Захарий Михайлович |
| 702 | #1 | $a | Лорис-Меликова |
| | $b | Н. И. |
| | $g | Нина Ивановна |
| | $4 | 660 |
| 801 | #0 | $a | RU |
| | $b | GA_RF |
| 801 | #1 | $a | RU |
| | $b | ГлавНИВЦ |
| | $c | 20240716 |
| | $2 | rusmarc |
| 801 | #2 | $a | RU |
| | $b | ПБ им. Б.Н. Ельцина |
| | $c | 20240723 |
| | $g | RCR |
| | $2 | rusmarc |
| 852 | ## | $a | ГА РФ |
| | $j | 266 |
| 937 | ## | $d | 193076452 |
| | $h | ГАРФ |
| 035 | ## | $a | RuPRLIB51076718 |
| 856 | ## | $u | http://readingroom.main.prlib.ru/item.aspx?id_node=n193076452&mode=full |